000 00827nam a22002777a 4500
003 CHAP
005 20220329135535.0
008 971013s1949 r 00010 d
010 _a38212
011 _a39184
035 _a43304
040 _cCHAP
082 _a540
_bP38Y
100 0 0 _aPauling, Linus.
_986273
245 _aQuímica general
_b: una introducción a la química descriptiva y a la moderna química
260 _aMadrid :
_bAguilar,
_c1949
300 _a622 p.
_b: ilus.
590 _aBATCH-UPD
_b10
_c20130110
_lUCH01
_h1510
590 _aBATCH-UPD
_b10
_c20130410
_lUCH01
_h0927
590 _aBATCH-UPD
_b10
_c20130914
_lUCH01
_h1905
590 _aCONVERSION
_b10
_c20130109
_lUCH01
_h1321
650 1 4 _aQuímica.
_993552
901 _aBK
942 _cLIBRO
949 _a540 P38Y
_bBC
_cMUT
_d-99297
_eMUT
_i43304
_si
999 _c38212
_d38212